[Event "Brno op"]
[Site "Brno"]
[Date "2005.07.04"]
[Round "3"]
[White "Kuchynka, Lubos"]
[Black "Svihel, Karel"]
[Result "1-0"]
[WhiteElo "2022"]
[BlackElo "2157"]
[PlyCount "73"]
[EventDate "2005.07.02"]
[EventType "swiss"]
[EventRounds "7"]
[EventCountry "CZE"]
[SourceTitle "EXT 2006"]
[Source "ChessBase"]
[SourceDate "2005.11.24"]
[SourceVersion "1"]
[SourceVersionDate "2005.11.24"]
[SourceQuality "1"]

1. d4 Nf6 2. c4 g6 3. Nc3 Bg7 4. e4 d6 5. f4 0-0 6. Nf3 c5 7. d5 b5 8. cxb5 a6 9. a4 e6 10. Be2 axb5 11. Bxb5 exd5 12. exd5 Bb7 13. 0-0 Na6 14. f5 Nb4 15. fxg6 hxg6 16. Bg5 Qb6 17. Nd2 Nfxd5 18. Nc4 Qc7 19. Ne4 Bxb2 20. Nxb2 f5 21. Nd2 Nf6 22. Ra3 d5 23. Rh3 c4 24. Ndxc4 dxc4 25. Bxc4+ Nfd5 26. Qd4 Qg7 27. Qxg7+ Kxg7 28. Bh6+ Kf6 29. Bxf8 Rxf8 30. Rb3 Bc6 31. Rd1 Ke5 32. Bxd5 Nxd5 33. Nc4+ Kf6 34. Rbd3 Ke6 35. a5 Rc8 36. Nb6 Nxb6 37. axb6 1-0

[Event "Bohemia South-chT 0405"]
[Site "Czech Republic"]
[Date "2005.??.??"]
[Round "?"]
[White "Mayer, Josef"]
[Black "Svihel, Karel"]
[Result "1/2-1/2"]
[WhiteElo "2045"]
[BlackElo "2080"]
[PlyCount "62"]
[EventDate "2004.10.??"]
[EventType "team"]
[EventRounds "11"]
[EventCountry "CZE"]
[SourceTitle "EXT 2007"]
[Source "ChessBase"]
[SourceDate "2006.11.23"]
[SourceVersion "1"]
[SourceVersionDate "2006.11.23"]
[SourceQuality "1"]

1. c4 Nf6 2. Nf3 g6 3. g3 Bg7 4. Bg2 0-0 5. 0-0 d6 6. d4 c5 7. Nc3 Nc6 8. d5 Na5 9. Nd2 a6 10. Rb1 Rb8 11. b3 b5 12. Bb2 Bh6 13. cxb5 axb5 14. Qc2 b4 15. Nd1 Ba6 16. Re1 e5 17. dxe6 fxe6 18. Ne4 Nd5 19. Bc1 Bxc1 20. Qxc1 Nc6 21. Ne3 Nd4 22. Rb2 Nf6 23. Nxf6+ Qxf6 24. Ng4 Qe7 25. f4 h5 26. Nf2 Bb7 27. Ne4 Bxe4 28. Bxe4 Kg7 29. e3 Nb5 30. Qd2 Rfd8 31. Bd3 Qf6 1/2-1/2

[Event "CZE-chT2d 0405"]
[Site "Czech Republic"]
[Date "2005.??.??"]
[Round "8"]
[White "Zigo, Viktor"]
[Black "Svihel, Karel"]
[Result "1/2-1/2"]
[WhiteElo "2270"]
[BlackElo "2155"]
[PlyCount "61"]
[EventDate "2004.10.??"]
[EventType "team"]
[EventRounds "11"]
[EventCountry "CZE"]
[SourceTitle "EXT 2007"]
[Source "ChessBase"]
[SourceDate "2006.11.23"]
[SourceVersion "1"]
[SourceVersionDate "2006.11.23"]
[SourceQuality "1"]

1. e4 Nf6 2. Nc3 e5 3. Nf3 Nc6 4. d4 exd4 5. Nxd4 Bb4 6. Nxc6 bxc6 7. Bd3 d5 8. exd5 cxd5 9. 0-0 0-0 10. Bg5 c6 11. Qf3 Be7 12. h3 h6 13. Bf4 Bd6 14. Rfe1 Bxf4 15. Qxf4 Be6 16. b3 Qb8 17. Qxb8 Raxb8 18. Na4 Rfe8 19. Nc5 Nd7 20. Nxd7 Bxd7 21. c4 Kf8 22. f4 Rxe1+ 23. Rxe1 Re8 24. Rxe8+ Kxe8 25. cxd5 cxd5 26. Kf2 Ke7 27. Ke3 Kd6 28. Kd4 f6 29. f5 Bc6 30. a4 a5 31. Bb5 1/2-1/2

[Event "Brno Trade op"]
[Site "Brno"]
[Date "2004.09.04"]
[Round "8"]
[White "Svihel, Karel"]
[Black "Bures, Vit"]
[Result "1/2-1/2"]
[WhiteElo "2170"]
[BlackElo "2192"]
[PlyCount "26"]
[EventDate "2004.08.??"]
[EventType "swiss"]
[EventRounds "9"]
[EventCountry "CZE"]
[SourceTitle "CBM 103 Extra"]
[Source "ChessBase"]
[SourceDate "2005.01.01"]
[SourceVersion "1"]
[SourceVersionDate "2005.01.01"]
[SourceQuality "1"]

1. e4 c5 2. c3 d5 3. exd5 Qxd5 4. d4 Nf6 5. Nf3 Bg4 6. Be2 Nc6 7. h3 Bh5 8. c4 Qd7 9. d5 Bxf3 10. Bxf3 Nd4 11. Be3 e5 12. dxe6 fxe6 13. Nc3 0-0-0 1/2-1/2

[Event "Brno Duras BVK op-A"]
[Site "Brno"]
[Date "2004.07.08"]
[Round "6"]
[White "Lamser, Miroslav"]
[Black "Svihel, Karel"]
[Result "1/2-1/2"]
[WhiteElo "2071"]
[BlackElo "2170"]
[PlyCount "63"]
[EventDate "2004.07.??"]
[EventType "swiss"]
[EventRounds "9"]
[EventCountry "CZE"]
[SourceTitle "EXT 2005"]
[Source "ChessBase"]
[SourceDate "2004.11.15"]
[SourceVersion "1"]
[SourceVersionDate "2004.11.15"]
[SourceQuality "1"]

1. d4 d5 2. Nf3 Nf6 3. Bg5 g6 4. e3 Bg7 5. Bd3 0-0 6. Nbd2 Nbd7 7. c3 c5 8. 0-0 Qc7 9. h3 e5 10. dxe5 Nxe5 11. Bf4 Nxf3+ 12. Nxf3 Qb6 13. Qc2 Bd7 14. Rfd1 Rac8 15. Rac1 Rfd8 16. Bg5 Bb5 17. Ne5 Bxd3 18. Rxd3 h6 19. Bxf6 Bxf6 20. Nf3 d4 21. cxd4 cxd4 22. Qxc8 Rxc8 23. Rxc8+ Kg7 24. exd4 Qxb2 25. Rd2 Qb1+ 26. Kh2 Qf5 27. Rc5 Qe4 28. Kg1 Qb1+ 29. Kh2 Qe4 30. Rcc2 Qd5 31. Kg1 b6 32. Rc3 1/2-1/2